Collateral and lending in underdeveloped land markets the case of Central and East Europe
Problémy s poskytovaním bankových úverov v jednotlivých krajinách strednej a východnej Európy. Úloha bankovej zálohy pri poskytovaní úverov v prípadoch, že neexistuje rozvinutý trh s pôdou. Kvôli existencii informačných asymetrií je nepravdepodobné, že užitočnosť bankových záloh sa zníži.
Na minha lista:
| Autor principal: | |
|---|---|
| Formato: | Capítulo de Livro |
| Idioma: | inglês |
| Assuntos: | |
| Tags: |
Sem tags, seja o primeiro a adicionar uma tag!
|
MARC
| LEADER | 00000naa a2200000 4500 | ||
|---|---|---|---|
| 001 | r042116 | ||
| 005 | 20230929064528.1 | ||
| 041 | 0 | |a eng | |
| 044 | |a SK | ||
| 245 | 1 | 0 | |a Collateral and lending in underdeveloped land markets the case of Central and East Europe |c Marian Rizov |
| 520 | |a Problémy s poskytovaním bankových úverov v jednotlivých krajinách strednej a východnej Európy. Úloha bankovej zálohy pri poskytovaní úverov v prípadoch, že neexistuje rozvinutý trh s pôdou. Kvôli existencii informačných asymetrií je nepravdepodobné, že užitočnosť bankových záloh sa zníži. | ||
| 610 | 2 | 0 | |a úver bankový |
| 610 | 2 | 0 | |a trh |
| 610 | 2 | 0 | |a pôda |
| 610 | 2 | 0 | |a stredná Európa |
| 610 | 2 | 0 | |a východná Európa |
| 610 | 2 | 0 | |a SVE |
| 610 | 2 | 0 | |a informácie asymetrické |
| 100 | 1 | |a Rizov, Marian | |